[Event "GER-chT U14"]
[Site "Regensburg"]
[Date "2014.12.30"]
[Round "7.4"]
[White "Nguyen, Truong Thinh"]
[Black "Watzlawik, Lee David"]
[Result "1-0"]
[WhiteElo "1163"]
[BlackElo "1370"]
[PlyCount "73"]
[EventDate "2014.12.27"]
[EventType "team-swiss"]
[EventRounds "7"]
[EventCountry "GER"]
[SourceTitle "EXT 2018"]
[Source "ChessBase"]
[SourceDate "2017.10.13"]
[SourceVersion "1"]
[SourceVersionDate "2017.10.13"]
[SourceQuality "1"]
[WhiteTeam "Bickenbach"]
[BlackTeam "Luebeck"]
[WhiteTeamCountry "GER"]
[BlackTeamCountry "GER"]

1. e4 e5 2. Nf3 f5 3. d3 Nc6 4. Nc3 Nf6 5. Bg5 Bb4 6. Bxf6 Qxf6 7. a3 Ba5 8. b4 Bb6 9. Nd5 Qg6 10. Qe2 d6 11. c3 fxe4 12. dxe4 Be6 13. Nxb6 axb6 14. Qc2 0-0 15. Nh4 Qf6 16. g3 g5 17. Nf5 Bxf5 18. exf5 Qxf5 19. Qxf5 Rxf5 20. Bg2 Ra7 21. 0-0 Rf8 22. Ra2 Raa8 23. Rd1 Rfe8 24. Be4 Rab8 25. a4 Red8 26. Kg2 Ne7 27. Re2 c6 28. Bc2 Nd5 29. Rd3 Nc7 30. f3 b5 31. a5 Kf7 32. Bb3+ Ke7 33. f4 gxf4 34. gxf4 Kf6 35. fxe5+ dxe5 36. Rf3+ Kg7 37. Rf7+ 1-0

[Event "Hessen-ch U12"]
[Site "Bad Homburg"]
[Date "2013.??.??"]
[Round "3"]
[White "Nguyen, Truong Thinh"]
[Black "Kirchner, Markus"]
[Result "0-1"]
[WhiteElo "768"]
[BlackElo "998"]
[PlyCount "104"]
[EventDate "2013.03.??"]
[EventType "swiss"]
[EventRounds "9"]
[EventCountry "GER"]
[SourceTitle "EXT 2014"]
[Source "ChessBase"]
[SourceDate "2013.11.20"]
[SourceVersion "1"]
[SourceVersionDate "2013.11.20"]
[SourceQuality "1"]

1. e4 e5 2. Nf3 Nc6 3. Nc3 Nf6 4. Bb5 d6 5. Bxc6+ bxc6 6. d3 Bg4 7. 0-0 Be7 8. a3 d5 9. exd5 cxd5 10. d4 exd4 11. Qxd4 Bxf3 12. gxf3 0-0 13. Rd1 c5 14. Qd2 d4 15. Ne4 Qb6 16. c4 Qb3 17. Qe2 Nxe4 18. fxe4 Qh3 19. Rd3 Qe6 20. b3 Bd6 21. f3 f5 22. Bd2 Rfe8 23. Re1 Re7 24. Bg5 Qg6 25. h4 h6 26. Qg2 hxg5 27. Qxg5 Qxg5+ 28. hxg5 Rae8 29. Rd2 fxe4 30. fxe4 Rxe4 31. Rxe4 Rxe4 32. g6 Re3 33. Rb2 Be5 34. Ra2 d3 35. b4 Bd4 36. bxc5 Re2+ 37. Kf1 Rxa2 38. c6 d2 39. Ke2 Bb6 40. c5 Bc7 41. a4 Kf8 42. a5 Ke7 43. a6 d1Q+ 44. Kxd1 Ke6 45. Kc1 Kd5 46. Kb1 Rh2 47. Kc1 Kd4 48. Kd1 Ke3 49. Kc1 Kd3 50. Kb1 Kc3 51. Ka1 Kb3 52. Kb1 Rh1# 0-1

[Event "Hessen-ch U12"]
[Site "Bad Homburg"]
[Date "2013.??.??"]
[Round "8"]
[White "Timpel, Kaan"]
[Black "Nguyen, Truong Thinh"]
[Result "1-0"]
[WhiteElo "1007"]
[BlackElo "768"]
[PlyCount "59"]
[EventDate "2013.03.??"]
[EventType "swiss"]
[EventRounds "9"]
[EventCountry "GER"]
[SourceTitle "EXT 2014"]
[Source "ChessBase"]
[SourceDate "2013.11.20"]
[SourceVersion "1"]
[SourceVersionDate "2013.11.20"]
[SourceQuality "1"]

1. e4 e5 2. Nf3 Nc6 3. Nc3 Nf6 4. Bb5 Bd6 5. d4 exd4 6. Nxd4 a6 7. Bc4 Be5 8. Nf3 Bxc3+ 9. bxc3 Nxe4 10. Qe2 Qe7 11. Bg5 f6 12. Bd2 d6 13. Nd4 Nxd4 14. cxd4 b5 15. Bb3 Bb7 16. d5 0-0 17. 0-0 Rae8 18. Rae1 Qe5 19. f4 Qd4+ 20. Be3 Nc3 21. Qd2 Ne4 22. Qxd4 c5 23. dxc6+ Kh8 24. cxb7 f5 25. Bd2 Nxd2 26. Qxd2 h6 27. Qxd6 Rxe1 28. Qxf8+ Kh7 29. Rxe1 a5 30. b8R 1-0